[Event "MPJBiS 2020"]
[Site "?"]
[Date "2020.08.28"]
[Round "9.9"]
[White "Komendecki, Antoni"]
[Black "Blaszkiewicz, Jakub"]
[Result "1-0"]
[BlackElo "1238"]
[WhiteElo "1528"]
[LiveChessVersion "1.4.8"]

1. e4 {[%clk 0:15:18]} c5 {[%clk 0:15:15]} 2. Nf3 {[%clk 0:15:27]} d6
{[%clk 0:15:24]} 3. d4 {[%clk 0:15:36]} cxd4 {[%clk 0:15:32]} 4. Nxd4
{[%clk 0:15:44]} Nf6 {[%clk 0:15:41]} 5. Nc3 {[%clk 0:15:53]} g6 {[%clk 0:15:50]}
6. Be3 {[%clk 0:15:57]} Bg7 {[%clk 0:15:49]} 7. f3 {[%clk 0:16:05]} O-O
{[%clk 0:15:52]} 8. Qd2 {[%clk 0:15:59]} Nc6 {[%clk 0:15:58]} 9. O-O-O
{[%clk 0:15:55]} Bd7 {[%clk 0:15:58]} 10. g4 {[%clk 0:15:29]} a6 {[%clk 0:15:46]}
11. h4 {[%clk 0:15:22]} h5 {[%clk 0:15:36]} 12. Nd5 {[%clk 0:07:15]} Rc8
{[%clk 0:12:25]} 13. Nxf6+ {[%clk 0:06:54]} Bxf6 {[%clk 0:12:33]} 14. gxh5
{[%clk 0:06:50]} gxh5 {[%clk 0:12:38]} 15. Nxc6 Rxc6 {[%clk 0:11:58]} 16. Rg1+
{[%clk 0:06:12]} Kh7 {[%clk 0:12:05]} 17. f4 {[%clk 0:03:37]} b5 {[%clk 0:10:16]}
18. e5 {[%clk 0:03:22]} Bg7 {[%clk 0:10:12]} 19. Bd3+ {[%clk 0:03:21]} Kh8
{[%clk 0:10:14]} 20. Rg5 {[%clk 0:00:58]} Bg4 {[%clk 0:09:30]} 21. f5
{[%clk 0:01:02]} f6 {[%clk 0:09:29]} 22. exf6 {[%clk 0:00:49]} exf6
{[%clk 0:09:38]} 23. Rg6 {[%clk 0:00:58]} Qd7 {[%clk 0:08:16]} 24. Rf1
{[%clk 0:00:46]} d5 {[%clk 0:08:00]} 25. Bh6 {[%clk 0:00:48]} Rg8
{[%clk 0:07:45]} 26. Bxg7+ {[%clk 0:00:48]} Rxg7 {[%clk 0:07:53]} 27. Qh6+
{[%clk 0:00:50]} Kg8 {[%clk 0:08:02]} 28. Rxf6 {[%clk 0:00:50]} Rxf6
{[%clk 0:07:42]} 29. Qxf6 {[%clk 0:00:58]} Qe8 {[%clk 0:07:49]} 30. Qxa6
{[%clk 0:00:36]} Qe3+ {[%clk 0:07:55]} 31. Kb1 {[%clk 0:00:45]} Re7
{[%clk 0:07:42]} 32. Qa8+ {[%clk 0:00:44]} Re8 {[%clk 0:07:46]} 33. Qxd5+
{[%clk 0:00:52]} Kh8 {[%clk 0:07:44]} 34. a3 {[%clk 0:00:45]} Be2
{[%clk 0:07:45]} 35. Re1 {[%clk 0:00:33]} Qf2 {[%clk 0:07:46]} 36. Rxe2
{[%clk 0:00:28]} Rxe2 {[%clk 0:07:55]} 37. Bxe2 {[%clk 0:00:36]} Qxe2
{[%clk 0:08:04]} 38. Qd8+ {[%clk 0:00:39]} Kh7 {[%clk 0:08:09]} 39. Qd7+
{[%clk 0:00:41]} Kg8 {[%clk 0:08:16]} 40. Qe6+ {[%clk 0:00:49]} Qxe6
{[%clk 0:08:23]} 41. fxe6 {[%clk 0:00:58]} Kf8 {[%clk 0:08:32]} 42. Ka2
{[%clk 0:01:06]} Ke7 {[%clk 0:08:41]} 43. Kb3 {[%clk 0:01:15]} Kxe6
{[%clk 0:08:51]} 44. Kb4 {[%clk 0:01:15]} Kf5 {[%clk 0:09:00]} 45. Kxb5 Kg4 46.
c4 {[%clk 0:01:17]} Kxh4 {[%clk 0:09:09]} 47. c5 {[%clk 0:01:25]} Kg3
{[%clk 0:09:17]} 48. c6 {[%clk 0:01:34]} h4 {[%clk 0:09:27]} 49. c7
{[%clk 0:01:42]} h3 {[%clk 0:09:36]} 50. c8=Q {[%clk 0:01:50]} h2
{[%clk 0:09:45]} 51. Qc7+ {[%clk 0:01:57]} Kg2 {[%clk 0:09:53]} 52. Qxh2+
{[%clk 0:02:06]} Kxh2 {[%clk 0:10:02]} 53. a4 {[%clk 0:02:14]} 1-0

[Event "MPJBiS 2020"]
[Site "?"]
[Date "2020.08.28"]
[Round "9.10"]
[White "Merecki, Antoni"]
[Black "Rosa, Antoni"]
[Result "0-1"]
[BlackElo "1506"]
[WhiteElo "1425"]
[LiveChessVersion "1.4.8"]

1. d4 {[%clk 0:15:18]} d5 {[%clk 0:15:17]} 2. c4 {[%clk 0:15:26]} e6
{[%clk 0:15:26]} 3. Nc3 {[%clk 0:15:34]} Nf6 {[%clk 0:15:35]} 4. cxd5
{[%clk 0:15:42]} Nxd5 {[%clk 0:15:40]} 5. e4 {[%clk 0:15:51]} Nxc3
{[%clk 0:15:15]} 6. bxc3 {[%clk 0:15:59]} Be7 {[%clk 0:15:23]} 7. Nf3
{[%clk 0:15:53]} b6 {[%clk 0:15:28]} 8. Bd3 {[%clk 0:15:39]} Bb7 {[%clk 0:15:29]}
9. O-O {[%clk 0:15:38]} O-O {[%clk 0:15:30]} 10. Bf4 {[%clk 0:14:19]} c5
{[%clk 0:14:52]} 11. Rc1 {[%clk 0:12:28]} cxd4 {[%clk 0:12:39]} 12. cxd4
{[%clk 0:12:37]} Nc6 {[%clk 0:12:48]} 13. Bb1 {[%clk 0:12:39]} Rc8
{[%clk 0:12:28]} 14. Qd3 {[%clk 0:10:55]} Nb4 {[%clk 0:12:02]} 15. Rxc8
{[%clk 0:10:13]} Qxc8 {[%clk 0:12:03]} 16. Qb3 {[%clk 0:09:37]} Qa8
{[%clk 0:10:23]} 17. Nd2 {[%clk 0:08:00]} a5 {[%clk 0:09:59]} 18. Qh3
{[%clk 0:06:02]} Rc8 {[%clk 0:09:23]} 19. e5 {[%clk 0:05:54]} g6 {[%clk 0:09:31]}
20. Bh6 {[%clk 0:04:45]} Nd5 {[%clk 0:08:53]} 21. f4 {[%clk 0:04:35]} Nc3
{[%clk 0:07:46]} 22. Bd3 {[%clk 0:03:57]} Ba6 {[%clk 0:07:32]} 23. f5
{[%clk 0:03:36]} Bxd3 {[%clk 0:06:58]} 24. Qxd3 {[%clk 0:03:44]} exf5
{[%clk 0:06:24]} 25. Rxf5 {[%clk 0:03:25]} Bf8 {[%clk 0:04:00]} 26. Bxf8
{[%clk 0:03:16]} Kxf8 {[%clk 0:04:08]} 27. Rf3 {[%clk 0:03:07]} Qd5
{[%clk 0:03:23]} 28. Qe3 {[%clk 0:01:27]} Qxd4 {[%clk 0:01:57]} 29. Qxd4
{[%clk 0:00:59]} Ne2+ {[%clk 0:02:06]} 30. Kf2 {[%clk 0:01:09]} Nxd4
{[%clk 0:02:14]} 31. Rh3 {[%clk 0:00:34]} h5 {[%clk 0:01:58]} 32. Ke3
{[%clk 0:00:25]} Nf5+ {[%clk 0:01:51]} 33. Ke4 {[%clk 0:00:21]} Rc2
{[%clk 0:01:08]} 34. Nf3 {[%clk 0:00:23]} Rxa2 {[%clk 0:00:59]} 35. e6
{[%clk 0:00:18]} Re2+ {[%clk 0:00:46]} 36. Kd5 {[%clk 0:00:27]} Ne7+
{[%clk 0:00:42]} 37. Kd6 {[%clk 0:00:33]} Rxe6+ {[%clk 0:00:49]} 38. Kd7
{[%clk 0:00:41]} Re3 {[%clk 0:00:42]} 39. Rh4 {[%clk 0:00:40]} Nf5
{[%clk 0:00:49]} 40. Rc4 {[%clk 0:00:42]} Re7+ {[%clk 0:00:54]} 41. Kc6
{[%clk 0:00:50]} Ne3 {[%clk 0:00:57]} 42. Rd4 {[%clk 0:00:51]} Re6+
{[%clk 0:00:39]} 43. Kb5 {[%clk 0:00:59]} Nf5 {[%clk 0:00:40]} 44. Rd2
{[%clk 0:00:46]} Nd6+ {[%clk 0:00:46]} 45. Ka4 {[%clk 0:00:48]} Re4+
{[%clk 0:00:42]} 46. Kb3 {[%clk 0:00:51]} a4+ {[%clk 0:00:45]} 47. Ka2
{[%clk 0:00:57]} Nc4 {[%clk 0:00:37]} 48. Rc2 {[%clk 0:00:46]} Ne5
{[%clk 0:00:32]} 49. Ng5 {[%clk 0:00:21]} Rg4 {[%clk 0:00:39]} 50. h4 Rxh4
{[%clk 0:00:29]} 51. Rf2 {[%clk 0:00:34]} Rg4 {[%clk 0:00:32]} 52. Ne6+
{[%clk 0:00:27]} Ke7 {[%clk 0:00:36]} 53. Nc7 {[%clk 0:00:36]} Kf8
{[%clk 0:00:33]} 54. Ne6+ {[%clk 0:00:45]} Kg8 {[%clk 0:00:42]} 55. Nc7
{[%clk 0:00:52]} Rc4 {[%clk 0:00:33]} 56. Nd5 {[%clk 0:00:48]} Nd3
{[%clk 0:00:27]} 57. Rd2 {[%clk 0:00:49]} Nb4+ {[%clk 0:00:34]} 58. Nxb4
{[%clk 0:00:57]} Rxb4 {[%clk 0:00:43]} 59. Ka3 {[%clk 0:01:05]} Rg4
{[%clk 0:00:52]} 60. Rb2 {[%clk 0:00:52]} b5 {[%clk 0:00:58]} 61. Rxb5
{[%clk 0:00:58]} Rxg2 {[%clk 0:01:06]} 62. Kxa4 {[%clk 0:01:08]} h4
{[%clk 0:01:11]} 63. Rb3 {[%clk 0:00:50]} g5 {[%clk 0:01:12]} 64. Kb4
{[%clk 0:00:59]} g4 {[%clk 0:01:19]} 65. Kc4 {[%clk 0:01:07]} h3 {[%clk 0:01:27]}
66. Rb1 {[%clk 0:01:06]} h2 {[%clk 0:01:33]} 67. Rh1 {[%clk 0:01:14]} g3
{[%clk 0:01:42]} 68. Kd3 {[%clk 0:01:23]} Rg1 {[%clk 0:01:51]} 0-1

[Event "MPJBiS 2020"]
[Site "?"]
[Date "2020.08.28"]
[Round "9.11"]
[White "Ptaszynski, Szymon"]
[Black "Trusewicz, Jakub"]
[Result "1-0"]
[BlackElo "1168"]
[WhiteElo "1468"]
[LiveChessVersion "1.4.8"]

1. c4 {[%clk 0:15:16]} e5 {[%clk 0:15:18]} 2. g3 {[%clk 0:15:25]} Nf6
{[%clk 0:15:25]} 3. Bg2 {[%clk 0:15:33]} Nc6 {[%clk 0:15:33]} 4. Nc3
{[%clk 0:15:42]} Bc5 {[%clk 0:15:41]} 5. e3 {[%clk 0:15:50]} d6 {[%clk 0:15:47]}
6. Nge2 {[%clk 0:15:58]} O-O {[%clk 0:15:51]} 7. O-O {[%clk 0:16:05]} Bg4
{[%clk 0:15:57]} 8. h3 {[%clk 0:16:13]} Be6 {[%clk 0:16:03]} 9. d4
{[%clk 0:16:19]} exd4 {[%clk 0:16:09]} 10. exd4 {[%clk 0:16:27]} Bb4
{[%clk 0:15:47]} 11. d5 {[%clk 0:16:31]} Bf5 {[%clk 0:15:47]} 12. dxc6
{[%clk 0:16:32]} bxc6 {[%clk 0:15:55]} 13. Nd4 {[%clk 0:16:04]} Bc8
{[%clk 0:15:55]} 14. Nxc6 {[%clk 0:16:07]} Qe8 {[%clk 0:15:54]} 15. Nxb4
{[%clk 0:16:14]} Rb8 {[%clk 0:15:58]} 16. Re1 {[%clk 0:16:20]} Be6
{[%clk 0:16:03]} 17. Nbd5 {[%clk 0:16:23]} Nxd5 {[%clk 0:16:02]} 18. cxd5
{[%clk 0:16:31]} 1-0

[Event "MPJBiS 2020"]
[Site "?"]
[Date "2020.08.28"]
[Round "10.1"]
[White "Sniadecki, Oskar"]
[Black "Seemann, Jakub"]
[Result "1/2-1/2"]
[BlackElo "1687"]
[WhiteElo "1569"]
[LiveChessVersion "1.4.8"]

1. d4 d5 2. Nf3 Nf6 3. Bf4 e6 4. e3 Bd6 5. Bxd6 Qxd6 6. c3 O-O 7. Nbd2 c5 8. Ne5
Nc6 9. f4 Ne8 10. Bd3 f6 11. Qh5 f5 12. g4 Nf6 13. Qh3 Ne4 14. Ndf3 Nxe5 15. Nxe5
cxd4 16. exd4 b5 17. a3 Rb8 18. Rg1 a5 19. gxf5 exf5 20. Bxe4 fxe4 21. Qg3 Qh6
22. Nc6 Rb7 23. Nxa5 Rbf7 24. O-O-O Qxf4+ 25. Qxf4 Rxf4 26. Nc6 Be6 27. Rde1 Rf2
28. h4 Rh2 29. Rh1 Rxh1 30. Rxh1 Rf2 31. Ne5 Bf5 32. Nc6 Kf8 33. Nb4 Be6 34. b3
Ke7 35. a4 bxa4 36. bxa4 Kd6 37. h5 Bd7 38. a5 Bb5 39. Rg1 e3 40. Re1 e2 41. Kd2
Rf7 42. Nd3 Ra7 43. Rxe2 Rxa5 44. Re5 Ra2+ 45. Ke3 Rh2 46. Nf4 Bc4 47. Rg5 Rc2
48. Rxg7 Rxc3+ 49. Kd2 Rf3 50. Ng2 Rd3+ 51. Kc2 Rh3 52. Nf4 Rf3 53. Ng2 Bd3+ 54.
Kd2 Be4 55. Ne3 Rh3 56. Rg5 h6 57. Nf5+ Ke6 58. Nxh6 Rd3+ 59. Ke2 Rxd4 60. Ng4
Ra4 61. h6 Ra3 62. Nf2 Bf5 63. Rh5 Ra7 64. Ke3 Bg6 65. Rh4 Kf6 66. Rd4 Ke6 67.
Rh4 Rb7 68. Nh3 d4+ 69. Kd2 Rb2+ 70. Kd1 Rb1+ 71. Kd2 Rb2+ 72. Kd1 Rb1+ 73. Kd2
Rb2+ 1/2-1/2

[Event "MPJBiS 2020"]
[Site "?"]
[Date "2020.08.28"]
[Round "10.2"]
[White "Wierzbicki, Dawid"]
[Black "Krawczyk, Flawian"]
[Result "1-0"]
[BlackElo "1728"]
[WhiteElo "1507"]
[LiveChessVersion "1.4.8"]

1. e4 {[%clk 0:15:18]} c5 {[%clk 0:15:08]} 2. Nf3 {[%clk 0:15:24]} e6
{[%clk 0:14:46]} 3. b3 {[%clk 0:15:10]} b6 {[%clk 0:14:41]} 4. Bb2
{[%clk 0:14:46]} Bb7 {[%clk 0:14:49]} 5. Nc3 {[%clk 0:14:44]} Nc6
{[%clk 0:14:48]} 6. Be2 {[%clk 0:14:10]} d6 {[%clk 0:14:24]} 7. O-O
{[%clk 0:14:15]} Nf6 {[%clk 0:14:08]} 8. Bb5 {[%clk 0:13:11]} a6 {[%clk 0:12:10]}
9. Bxc6+ {[%clk 0:13:10]} Bxc6 {[%clk 0:12:18]} 10. Re1 {[%clk 0:13:19]} Be7
{[%clk 0:11:46]} 11. d4 {[%clk 0:13:19]} cxd4 {[%clk 0:11:17]} 12. Nxd4
{[%clk 0:13:26]} Bb7 {[%clk 0:11:19]} 13. Qd2 {[%clk 0:12:40]} O-O
{[%clk 0:11:09]} 14. f3 {[%clk 0:12:28]} Rc8 {[%clk 0:11:00]} 15. Nce2
{[%clk 0:12:28]} Qc7 {[%clk 0:09:16]} 16. c4 {[%clk 0:12:27]} Rfd8
{[%clk 0:08:35]} 17. Rac1 {[%clk 0:12:24]} Bf8 {[%clk 0:08:08]} 18. Red1
{[%clk 0:10:55]} Qb8 {[%clk 0:07:23]} 19. Qg5 {[%clk 0:08:07]} h6
{[%clk 0:06:23]} 20. Qg3 {[%clk 0:07:33]} Kh7 {[%clk 0:04:44]} 21. Nxe6
{[%clk 0:03:12]} Nxe4 {[%clk 0:01:21]} 22. Nxf8+ Rxf8 {[%clk 0:01:24]} 23. Qxg7#
{[%clk 0:03:29]} 1-0

[Event "MPJBiS 2020"]
[Site "?"]
[Date "2020.08.28"]
[Round "10.3"]
[White "Borowik, Wojciech"]
[Black "Warchol, Kamil"]
[Result "0-1"]
[BlackElo "1751"]
[WhiteElo "1528"]
[LiveChessVersion "1.4.8"]

1. d4 {[%clk 0:15:17]} d5 {[%clk 0:15:19]} 2. c4 {[%clk 0:15:20]} dxc4
{[%clk 0:15:27]} 3. Nc3 {[%clk 0:15:18]} c5 {[%clk 0:15:36]} 4. d5
{[%clk 0:13:51]} e6 {[%clk 0:15:44]} 5. e4 {[%clk 0:13:35]} Nf6 {[%clk 0:15:52]}
6. Bxc4 {[%clk 0:12:26]} exd5 {[%clk 0:15:59]} 7. exd5 {[%clk 0:11:41]} a6
{[%clk 0:16:07]} 8. a4 {[%clk 0:11:04]} Bd6 {[%clk 0:16:10]} 9. Nf3
{[%clk 0:10:27]} O-O {[%clk 0:16:17]} 10. O-O {[%clk 0:10:34]} Bg4
{[%clk 0:16:22]} 11. h3 {[%clk 0:10:38]} Bh5 {[%clk 0:16:29]} 12. Bg5
{[%clk 0:10:31]} Re8 {[%clk 0:16:15]} 13. Qd3 {[%clk 0:09:37]} Nbd7
{[%clk 0:16:04]} 14. b3 {[%clk 0:08:52]} Qc7 {[%clk 0:15:26]} 15. Rac1
{[%clk 0:08:33]} h6 {[%clk 0:14:20]} 16. Bxf6 {[%clk 0:07:45]} Nxf6
{[%clk 0:13:42]} 17. Rfe1 {[%clk 0:06:56]} Bf4 {[%clk 0:13:06]} 18. Rcd1
{[%clk 0:06:53]} Bg6 {[%clk 0:12:29]} 19. Qf1 {[%clk 0:06:20]} Qa5
{[%clk 0:11:16]} 20. Rxe8+ {[%clk 0:05:11]} Rxe8 {[%clk 0:11:22]} 21. Ne2
{[%clk 0:05:15]} Bd6 {[%clk 0:10:59]} 22. Qe1 {[%clk 0:04:27]} Qc7
{[%clk 0:10:21]} 23. Qc3 {[%clk 0:04:10]} Ne4 {[%clk 0:10:18]} 24. Qb2
{[%clk 0:04:07]} Bh5 {[%clk 0:10:10]} 25. Rd3 {[%clk 0:02:23]} Qa5
{[%clk 0:09:48]} 26. g4 {[%clk 0:01:43]} Bg6 {[%clk 0:09:35]} 27. Re3
{[%clk 0:01:51]} b5 {[%clk 0:08:22]} 28. axb5 {[%clk 0:01:47]} axb5
{[%clk 0:08:30]} 29. Bd3 {[%clk 0:01:57]} c4 {[%clk 0:07:08]} 30. Bxe4
{[%clk 0:01:22]} Rxe4 {[%clk 0:07:08]} 31. bxc4 {[%clk 0:00:55]} bxc4
{[%clk 0:07:05]} 32. Rxe4 {[%clk 0:00:34]} Bxe4 {[%clk 0:07:14]} 33. Nd2
{[%clk 0:00:34]} Qxd5 {[%clk 0:06:25]} 34. Nxe4 {[%clk 0:00:21]} Qxe4
{[%clk 0:06:34]} 35. Qd2 {[%clk 0:00:27]} Qe5 {[%clk 0:06:05]} 36. Qc2
{[%clk 0:00:24]} Qh2+ {[%clk 0:06:04]} 37. Kf1 {[%clk 0:00:33]} Qxh3+
{[%clk 0:05:17]} 38. Ke1 {[%clk 0:00:40]} Qxg4 {[%clk 0:05:26]} 39. Kd1
{[%clk 0:00:40]} Bc5 {[%clk 0:05:22]} 40. Ke1 {[%clk 0:00:34]} Bb4+
{[%clk 0:05:19]} 41. Kf1 {[%clk 0:00:30]} Qh3+ {[%clk 0:05:19]} 42. Kg1
{[%clk 0:00:39]} Bd6 {[%clk 0:05:13]} 43. Qxc4 {[%clk 0:00:34]} Bh2+
{[%clk 0:05:22]} 44. Kh1 {[%clk 0:00:42]} Bg3+ {[%clk 0:05:31]} 45. Kg1
{[%clk 0:00:50]} Qh2+ 0-1

[Event "MPJBiS 2020"]
[Site "?"]
[Date "2020.08.28"]
[Round "10.4"]
[White "Bochniak, Franciszek"]
[Black "Komendecki, Antoni"]
[Result "1-0"]
[BlackElo "1528"]
[WhiteElo "1719"]
[LiveChessVersion "1.4.8"]

1. d4 {[%clk 0:15:18]} e6 {[%clk 0:15:19]} 2. c4 {[%clk 0:15:26]} b6
{[%clk 0:15:22]} 3. Nc3 {[%clk 0:15:31]} Bb4 {[%clk 0:15:31]} 4. e3
{[%clk 0:15:28]} Bb7 {[%clk 0:15:26]} 5. f3 {[%clk 0:15:35]} Ne7 {[%clk 0:14:35]}
6. Bd3 {[%clk 0:15:39]} Bxc3+ {[%clk 0:12:53]} 7. bxc3 {[%clk 0:15:47]} d6
{[%clk 0:12:29]} 8. Ne2 {[%clk 0:15:54]} Nd7 {[%clk 0:12:36]} 9. O-O
{[%clk 0:15:59]} O-O {[%clk 0:10:24]} 10. Qe1 {[%clk 0:14:56]} Rc8
{[%clk 0:08:13]} 11. Qg3 {[%clk 0:14:27]} Ng6 {[%clk 0:07:49]} 12. Bd2
{[%clk 0:13:23]} Ba6 13. Rfe1 f5 {[%clk 0:06:00]} 14. Nc1 {[%clk 0:11:05]} e5
{[%clk 0:04:23]} 15. a4 {[%clk 0:10:04]} c5 {[%clk 0:02:38]} 16. d5
{[%clk 0:09:54]} f4 {[%clk 0:01:59]} 17. Qg4 {[%clk 0:08:49]} Rf6
{[%clk 0:01:21]} 18. Re2 {[%clk 0:07:22]} fxe3 {[%clk 0:00:50]} 19. Bxe3
{[%clk 0:07:06]} Nf4 {[%clk 0:00:59]} 20. Bxf4 {[%clk 0:07:09]} Rxf4
{[%clk 0:01:08]} 21. Qe6+ {[%clk 0:07:16]} Kh8 {[%clk 0:01:16]} 22. Nb3
{[%clk 0:04:12]} Nf6 {[%clk 0:00:26]} 23. Nd2 {[%clk 0:04:16]} Rc7
{[%clk 0:00:16]} 24. g3 {[%clk 0:04:13]} Bc8 {[%clk 0:00:21]} 25. Qxc8
{[%clk 0:03:46]} Qxc8 {[%clk 0:00:19]} 26. gxf4 {[%clk 0:03:53]} exf4
{[%clk 0:00:28]} 27. Rae1 {[%clk 0:04:00]} Rf7 {[%clk 0:00:28]} 28. Re6
{[%clk 0:03:45]} Nd7 {[%clk 0:00:12]} 29. Re8+ {[%clk 0:03:51]} Rf8
{[%clk 0:00:18]} 30. Rxc8 {[%clk 0:04:00]} Rxc8 {[%clk 0:00:27]} 31. Bf5
{[%clk 0:04:08]} Rd8 {[%clk 0:00:33]} 32. Bxd7 {[%clk 0:04:17]} 1-0

[Event "MPJBiS 2020"]
[Site "?"]
[Date "2020.08.28"]
[Round "10.5"]
[White "Ptaszynski, Szymon"]
[Black "Grot, Blazej"]
[Result "1/2-1/2"]
[BlackElo "1601"]
[WhiteElo "1468"]
[LiveChessVersion "1.4.8"]

1. e4 c5 2. Nf3 e6 3. b3 a6 4. Bb2 Nc6 5. g3 Nf6 6. d3 d5 7. exd5 exd5 8. Bg2 Be7
9. O-O O-O 10. Re1 h6 11. Nbd2 Be6 12. Nf1 Rc8 13. Ne3 b5 14. a4 d4 15. Nf1 Nd5
16. N1d2 Bg4 17. h3 Bh5 18. Qc1 Bg6 19. Ne5 Nxe5 20. Rxe5 Nb4 21. Ba3 Bxd3 22.
Rxe7 Qxe7 23. cxd3 Nxd3 24. Qf1 Nb4 25. Bxb4 cxb4 26. axb5 axb5 27. Qxb5 Rc2 28.
Qd3 Rfc8 29. Kh2 Qf6 30. Rf1 R8c3 31. Qe2 Qd8 32. Qd1 d3 33. Re1 Qg5 34. Ne4 Qf5
35. Nxc3 Qxf2 36. Rg1 1/2-1/2

[Event "MPJBiS 2020"]
[Site "?"]
[Date "2020.08.28"]
[Round "10.6"]
[White "Raczek, Krzysztof"]
[Black "Nawalaniec, Adam"]
[Result "1-0"]
[BlackElo "1458"]
[WhiteElo "1559"]
[LiveChessVersion "1.4.8"]

1. d4 {[%clk 0:15:18]} c5 {[%clk 0:15:19]} 2. d5 {[%clk 0:15:21]} Nf6
{[%clk 0:15:26]} 3. c4 {[%clk 0:15:30]} d6 {[%clk 0:15:34]} 4. Nc3
{[%clk 0:15:38]} g6 {[%clk 0:15:42]} 5. e4 {[%clk 0:15:37]} Bg7 {[%clk 0:15:50]}
6. Be3 {[%clk 0:15:31]} O-O {[%clk 0:15:57]} 7. h3 {[%clk 0:15:34]} Nbd7
{[%clk 0:15:53]} 8. Nf3 {[%clk 0:15:36]} Nb6 {[%clk 0:15:58]} 9. Qc2
{[%clk 0:15:25]} e6 {[%clk 0:15:57]} 10. Bd3 {[%clk 0:15:23]} e5 {[%clk 0:15:10]}
11. g4 {[%clk 0:15:03]} Bd7 {[%clk 0:14:14]} 12. a4 {[%clk 0:14:57]} h5
{[%clk 0:13:02]} 13. g5 {[%clk 0:13:59]} Nh7 {[%clk 0:12:51]} 14. a5
{[%clk 0:14:00]} Nc8 {[%clk 0:12:58]} 15. a6 {[%clk 0:13:57]} b6 {[%clk 0:13:03]}
16. O-O-O {[%clk 0:13:02]} Ne7 {[%clk 0:12:40]} 17. Nb5 {[%clk 0:13:03]} Bxb5
{[%clk 0:12:28]} 18. cxb5 {[%clk 0:13:11]} Qd7 {[%clk 0:09:30]} 19. Rdg1
{[%clk 0:12:47]} f5 {[%clk 0:07:22]} 20. gxf6 {[%clk 0:12:55]} Rxf6
{[%clk 0:07:24]} 21. Ng5 {[%clk 0:10:51]} Raf8 {[%clk 0:06:11]} 22. Ne6
{[%clk 0:10:45]} R8f7 {[%clk 0:06:18]} 23. Rg3 {[%clk 0:09:05]} Kh8
{[%clk 0:04:18]} 24. Bc4 {[%clk 0:08:14]} Rf3 {[%clk 0:03:58]} 25. Qe2
{[%clk 0:07:53]} Rxg3 {[%clk 0:03:40]} 26. fxg3 {[%clk 0:08:01]} Rf6
{[%clk 0:03:49]} 27. g4 {[%clk 0:07:54]} g5 {[%clk 0:02:52]} 28. gxh5
{[%clk 0:06:50]} Bh6 {[%clk 0:02:56]} 29. Qg4 {[%clk 0:06:35]} Ng8
{[%clk 0:02:42]} 30. Rg1 {[%clk 0:05:50]} Qc8 {[%clk 0:02:12]} 31. h4
{[%clk 0:05:47]} Rf4 {[%clk 0:01:50]} 32. Nxf4 {[%clk 0:05:48]} Qxg4
{[%clk 0:01:58]} 33. Ng6+ {[%clk 0:05:58]} 1-0

[Event "MPJBiS 2020"]
[Site "?"]
[Date "2020.08.28"]
[Round "10.7"]
[White "Rosa, Antoni"]
[Black "Bartodziej, Bartosz"]
[Result "0-1"]
[BlackElo "1563"]
[WhiteElo "1506"]
[LiveChessVersion "1.4.8"]

1. c4 Nf6 2. Nc3 g6 3. g3 Bg7 4. Bg2 c5 5. e3 O-O 6. Nge2 e6 7. d4 cxd4 8. Nxd4
a6 9. O-O Nc6 10. b3 Nxd4 11. exd4 d5 12. c5 b6 13. cxb6 Qxb6 14. Na4 Qa7 15. Ba3
Re8 16. Bc5 Qb7 17. Rc1 Bd7 18. Nb6 Rad8 19. a4 Bf8 20. b4 Bc6 21. Qc2 Bh6 22.
Rb1 Bd7 23. Rb2 Ne4 24. Bxe4 dxe4 25. b5 axb5 26. axb5 e5 27. d5 Bh3 28. Ra1 e3
29. fxe3 f5 30. Rba2 Rxd5 31. Nxd5 Qxd5 32. Rd1 Qf3 33. Qe2 Qxe2 34. Rxe2 Bg4 35.
Red2 Bxd1 36. Rxd1 Rc8 37. Rd5 Rxc5 38. Rd8+ Kf7 39. Rd7+ Kf6 40. Kf2 Rxb5 41.
Rxh7 Rb2+ 42. Ke1 Bxe3 43. Rc7 Rxh2 44. Rc6+ Kg5 45. Kf1 f4 46. gxf4+ exf4 47.
Re6 Kf5 48. Ra6 g5 49. Ra5+ Kg4 50. Ra4 Kf3 51. Rxf4+ gxf4 0-1

[Event "MPJBiS 2020"]
[Site "?"]
[Date "2020.08.28"]
[Round "10.8"]
[White "Micula, Jakub"]
[Black "Musial, Igor"]
[Result "0-1"]
[BlackElo "1613"]
[WhiteElo "1304"]
[LiveChessVersion "1.4.8"]

1. c4 {[%clk 0:15:18]} c5 {[%clk 0:15:19]} 2. Nc3 {[%clk 0:15:24]} Nc6
{[%clk 0:15:25]} 3. Nf3 {[%clk 0:15:32]} g6 {[%clk 0:15:23]} 4. d4
{[%clk 0:15:34]} cxd4 {[%clk 0:15:01]} 5. Nxd4 {[%clk 0:15:42]} Bg7
{[%clk 0:15:06]} 6. e3 {[%clk 0:15:40]} Nf6 {[%clk 0:14:53]} 7. Be2
{[%clk 0:15:45]} d6 {[%clk 0:14:56]} 8. O-O {[%clk 0:15:46]} O-O {[%clk 0:15:04]}
9. Bf3 {[%clk 0:15:48]} Ne5 {[%clk 0:14:27]} 10. Qe2 {[%clk 0:15:05]} a6
{[%clk 0:13:25]} 11. Rd1 {[%clk 0:14:21]} Nxf3+ {[%clk 0:13:16]} 12. Qxf3
{[%clk 0:14:16]} Bg4 {[%clk 0:13:25]} 13. Qxb7 {[%clk 0:13:47]} Bxd1
{[%clk 0:12:11]} 14. Nc6 {[%clk 0:13:26]} Qd7 {[%clk 0:11:47]} 15. Nxe7+
{[%clk 0:13:28]} Kh8 {[%clk 0:11:54]} 16. Qxd7 {[%clk 0:13:37]} Nxd7
{[%clk 0:12:02]} 17. Nxd1 {[%clk 0:13:43]} Ne5 {[%clk 0:11:51]} 18. Nd5
{[%clk 0:12:33]} Nxc4 {[%clk 0:11:32]} 19. N1c3 {[%clk 0:12:39]} Rab8
{[%clk 0:11:24]} 20. b3 {[%clk 0:12:22]} Nb6 {[%clk 0:11:21]} 21. Rb1
{[%clk 0:11:46]} Rfc8 {[%clk 0:07:58]} 22. Bd2 {[%clk 0:11:06]} Nxd5
{[%clk 0:07:26]} 23. Nxd5 {[%clk 0:11:04]} Rc2 {[%clk 0:07:30]} 24. Bb4
{[%clk 0:09:28]} Rb5 {[%clk 0:07:14]} 25. e4 {[%clk 0:09:35]} Rxa2
{[%clk 0:01:47]} 26. Rc1 {[%clk 0:09:43]} Ra1 {[%clk 0:01:10]} 27. Rxa1
{[%clk 0:09:16]} Bxa1 {[%clk 0:01:19]} 28. Kf1 {[%clk 0:09:23]} a5
{[%clk 0:00:41]} 29. Bxd6 {[%clk 0:09:31]} Rxb3 {[%clk 0:00:49]} 30. Ke2
{[%clk 0:09:31]} a4 {[%clk 0:00:39]} 31. f4 {[%clk 0:09:17]} a3 {[%clk 0:00:19]}
32. Nb4 {[%clk 0:09:09]} a2 {[%clk 0:00:20]} 33. Kf1 {[%clk 0:08:54]} Bc3
{[%clk 0:00:18]} 34. Nxa2 {[%clk 0:08:43]} Rb1+ {[%clk 0:00:27]} 35. Ke2
{[%clk 0:08:45]} Rb2+ {[%clk 0:00:26]} 36. Kd3 {[%clk 0:08:53]} Rxa2
{[%clk 0:00:35]} 37. Kxc3 {[%clk 0:08:58]} Rxg2 {[%clk 0:00:44]} 38. Kd4
{[%clk 0:08:37]} Rxh2 {[%clk 0:00:49]} 39. Ke5 {[%clk 0:08:44]} Kg7
{[%clk 0:00:25]} 40. Be7 {[%clk 0:08:49]} Rh5+ {[%clk 0:00:22]} 41. f5
{[%clk 0:08:58]} gxf5 {[%clk 0:00:23]} 42. exf5 {[%clk 0:09:07]} Rh1
{[%clk 0:00:30]} 43. f6+ {[%clk 0:09:06]} Kg6 {[%clk 0:00:38]} 44. Kf4
{[%clk 0:09:12]} Rg1 {[%clk 0:00:46]} 45. Ke3 {[%clk 0:09:19]} Rf1
{[%clk 0:00:50]} 46. Ke2 {[%clk 0:09:21]} Rf5 {[%clk 0:00:57]} 47. Ke3
{[%clk 0:09:29]} h5 {[%clk 0:01:06]} 48. Ke2 {[%clk 0:09:36]} h4 {[%clk 0:01:14]}
49. Ke3 {[%clk 0:09:44]} h3 {[%clk 0:01:23]} 50. Bd6 {[%clk 0:09:53]} Kxf6
{[%clk 0:01:23]} 51. Bh2 {[%clk 0:09:59]} Kg5 {[%clk 0:01:32]} 52. Ke4
{[%clk 0:10:06]} Kg4 {[%clk 0:01:37]} 53. Bg1 {[%clk 0:10:09]} Rf2
{[%clk 0:01:37]} 54. Ke3 {[%clk 0:10:08]} Rg2 {[%clk 0:01:45]} 55. Bf2
{[%clk 0:10:08]} h2 {[%clk 0:01:51]} 56. Be1 {[%clk 0:10:15]} h1=Q
{[%clk 0:01:58]} 57. Ba5 {[%clk 0:10:22]} Qh3+ {[%clk 0:01:56]} 58. Kd4
{[%clk 0:10:29]} Re2 {[%clk 0:01:54]} 59. Kc4 {[%clk 0:10:35]} Qe3
{[%clk 0:01:54]} 60. Kb5 {[%clk 0:10:39]} Rc2 {[%clk 0:02:02]} 61. Kb4
{[%clk 0:10:45]} Qc3+ {[%clk 0:02:05]} 62. Ka4 {[%clk 0:10:53]} Qc4+
{[%clk 0:02:08]} 63. Bb4 {[%clk 0:10:58]} Ra2# {[%clk 0:02:17]} 0-1